|
|
|
|
| LEADER |
00000nab a2200000 a 4500 |
| 001 |
vtls000693715 |
| 003 |
SK-MaSNL |
| 005 |
20260302180435.0 |
| 008 |
180206c1999 xo 0 slo |
| 015 |
|
|
|a SNBRB1999/07-11015
|
| 035 |
|
|
|a CLN000045882
|
| 040 |
|
|
|a SNKBUCL
|b slo
|c SNKBUCL
|e AACR2
|
| 041 |
0 |
|
|a slo
|
| 044 |
|
|
|a xo
|c SK
|
| 080 |
|
|
|a 342.725(437.6):340.134
|2 UDC-MRF-SK2
|
| 080 |
|
|
|a 323.15(437.6):342.725
|2 UDC-MRF-SK2
|
| 100 |
1 |
|
|a Krajačičová, Dobroslava
|4 ain
|9 274666
|
| 245 |
1 |
0 |
|a Snem v politických okovách
|b prijatá viacjazyčnosť je nášľapnou mínou
|c Dobroslava Krajačičová, Peter Brňák
|
| 300 |
|
|
|b Fotogr.
|
| 650 |
0 |
7 |
|a menšiny národnostné
|x jazyky
|z Slovensko
|2 snkbucl
|9 875654
|
| 650 |
0 |
7 |
|a jazyky národnostných menšín
|z Slovensko
|x zákony
|2 snkbucl
|9 850626
|
| 655 |
|
7 |
|a články z novín a časopisov
|2 snkbucl
|9 267496
|
| 700 |
1 |
|
|a Brňák, Peter
|4 aut
|4 uin
|9 834221
|
| 773 |
0 |
|
|x 1335-4698
|t Slovenská republika
|g Roč. 7, č. 159 (13.7.1999), s. 5
|
| 850 |
|
|
|a Slovenská národná knižnica v Martine
|
| 852 |
|
|
|a SNK
|b KIS3GCP
|
| 958 |
|
|
|a RBX
|
| 999 |
|
|
|c 1410556
|d 1412486
|